header

The image of man (Record no. 18831)

MARC details
000 -LEADER
fixed length control field 01250nam a2200325Ia 4500
100 1# - MAIN ENTRY--AUTHOR NAME
Personal name Mosse, George L.
245 14 - TITLE STATEMENT
Title The image of man
260 ## - PUBLICATION, DISTRIBUTION, ETC. (IMPRINT)
Place of publication Oxford :
Name of publisher Oxford University Press,
Year of publication 1998.
300 ## - PHYSICAL DESCRIPTION
Number of Pages 240 p. :
Other physical details ill., facsims., ports.
650 #0 - SUBJECT ADDED ENTRY--TOPICAL TERM
Topical Term Machismo.
Topical Term Masculinity.
Topical Term Men
856 40 - ELECTRONIC LOCATION AND ACCESS
Uniform Resource Identifier http://site.ebrary.com/lib/rucke/Doc?id=10279371

No items available.

© 2026 Rongo University
Contact us: librarian | system librarian | Rongo university